ՀՀ Գիտությունների ազգային ակադեմիայի հիմնարար գիտական գրադարան  =   Fundamental Scientific Library of NAS RA

Առակներ / (Record no. 77107)

MARC details
000 -LEADER
fixed length control field 00675nam a2200181 u 4500
001 - CONTROL NUMBER
control field 000219908
003 - CONTROL NUMBER IDENTIFIER
control field AM-YeHGA
005 - DATE AND TIME OF LATEST TRANSACTION
control field 20250618071521.0
008 - FIXED-LENGTH DATA ELEMENTS--GENERAL INFORMATION
fixed length control field 030422s1940 ai r 000 0 arm d
040 ## - CATALOGING SOURCE
Original cataloging agency AM-YeHGA
090 ## - LOCALLY ASSIGNED LC-TYPE CALL NUMBER (OCLC); LOCAL CALL NUMBER (RLIN)
-- 78347
100 1# - MAIN ENTRY--PERSONAL NAME
Personal name Ղարիբյան, Ռուբեն Զաքարի,
Dates associated with a name 1914-
9 (RLIN) 2660
245 10 - TITLE STATEMENT
Title Առակներ /
Statement of responsibility, etc. Ռ.Ղարիբյան; Խմբ.՝ Մ. Կորյուն; Նկ.՝ Վ.Գայֆեճյան.
260 ## - PUBLICATION, DISTRIBUTION, ETC.
Place of publication, distribution, etc. Յերևան :
Name of publisher, distributor, etc. Հայպետհրատ,
Date of publication, distribution, etc. 1940.
300 ## - PHYSICAL DESCRIPTION
Extent 29 էջ :
Other physical details նկ. ;
Dimensions 20 սմ.
650 14 - SUBJECT ADDED ENTRY--TOPICAL TERM
Topical term or geographic name entry element Հայ գրականություն
General subdivision Առակ
700 1# - ADDED ENTRY--PERSONAL NAME
Personal name Կորյուն, Մկրտիչ Գրիգորի,
Dates associated with a name 1913-1984
Relator term խմբ.
Relationship edt
9 (RLIN) 1727
Holdings
Withdrawn status Lost status Damaged status Not for loan Collection Home library Current library Date acquired Total checkouts Full call number Barcode Date last seen Price effective from Koha item type Public note
        General Fundamental Scientific Library Fundamental Scientific Library 22/12/2016   891.981 220063393 22/12/2016 22/12/2016 Գրքեր / Books 30 Days Loan


ՀՀ ԳԱԱ հիմնարար գիտական գրադարան
ՀՀ,Երևան 0019
Մարշալ Բաղրամյան 24/6
հեռախոս:(374-10) 52-47-50
Հետադարձ կապ

All site content, except where otherwise noted, is licensed under a
Creative Commons License